|
|
|
|
| LEADER |
00000nam a22000007a 4500 |
| 005 |
20191004235749.0 |
| 007 |
cr|||| |||| |
| 008 |
191005s2019 fr |||||s|||| 00||0 fra d |
| 020 |
|
|
|a 9786138477075
|
| 035 |
|
|
|a 29331
|
| 040 |
|
|
|a vLex
|
| 090 |
|
|
|c 9724
|d 9724
|
| 100 |
1 |
|
|a Dalil, Hallam
|
| 245 |
1 |
2 |
|a Le contrat, instrument juridique de fonctionnement d’une entreprise
|h [Recurso electrn̤ico] /
|c Hallam Dalil
|
| 256 |
|
|
|a Servicio en ln̕ea
|
| 260 |
|
|
|a Pars̕:
|b Éditions Universitaires Europěnes,
|c 2019
|
| 300 |
|
|
|a 1 recurso electrn̤ico
|
| 500 |
|
|
|a L’appellation de Droit des obligation est aujourd’hui souvent remplacě par l'insersion de clause. On peut croire ̉un phňomn̈e de mode, mais il faut comprendre qu’il y a une distinction ̉faire : la doctrine souhaite mieux rendre compte des rǎlitš en ayant une vision juridique plus globale.
|
| 506 |
1 |
|
|a Disponible solo en los productos indicados
|d vLex Global
|d vLex Global (Academic Edition, excluding Law Schools)
|d vLex Global (U.S. Academic Edition, Law Schools)
|d vLex Global (U.S. Academic Edition, excluding Law Schools)
|d vLex Global (Academic Edition, Law Schools)
|
| 650 |
0 |
4 |
|a Derecho Pb︢lico y Administrativo
|z Francia
|
| 740 |
0 |
|
|a vLex Libros (Servicio en ln̕ea)
|
| 856 |
4 |
0 |
|u http://vlex.com/source/29331
|z Acceso restringido
|
| 942 |
|
|
|c BOOK
|
| 999 |
0 |
|
|a Public and Administrative Law
|